| 000 | 00799nas a2200289 4500 | ||
|---|---|---|---|
| 001 | BR0400552 | ||
| 003 | BR-BrBNA | ||
| 005 | 20231205104306.0 | ||
| 007 | ta | ||
| 008 | 230509b bl.|||p| |||| 00| 00por d | ||
| 040 |
_aBR-BrBNA _bpor _cBiblioteca Nacional de Agricultura |
||
| 041 | _a(Pt) | ||
| 072 | _aE70 | ||
| 100 | 1 | _aOpitz, R. | |
| 245 | 1 | _aBenefícios dos eventos para a cadeia da floricultura | |
| 650 | _aFLOR | ||
| 650 | _aPRODUTOR | ||
| 650 | _aCONSUMIDOR | ||
| 650 | _aEXPOSIÇÃO | ||
| 650 | _aCONSUMO | ||
| 650 | _aPLANTA ORNAMENTAL | ||
| 650 | _aCURSO | ||
| 650 | _aFEIRA | ||
| 773 | 0 |
_tRevista Brasileira de Horticultura Ornamental (Brazil) _xISSN 1414-039X _g(2002), v. 8(1-2) p. 91 _wBR0400552 |
|
| 909 |
_a202311 _bLúcia _c55 _dLúcia Elande |
||
| 942 |
_2AGRIS _n0 _cANA |
||
| 999 |
_c177396 _d177396 |
||